| 000 | 00000nas##2200000za#4500 |
| 001 | 9.509056 |
| 003 | CaOODSP |
| 005 | 20200325102601 |
| 007 | ta |
| 008 | 150406c2001||||xxc|| m #||||f| |0eng|d |
| 040 | |aCaOODSP|beng |
| 041 | |aeng |
| 041 | |afre |
| 043 | |an-cn--- |
| 086 | 1 |aC21-26 |
| 110 | 1 |aCanada. |bIndustry Canada. |
| 245 | 10|aIndustry Canada research monograph |
| 260 | |aOttawa - Ontario : |bIndustry Canada |
| 500 | |aCanadian cataloguing in publication data printed in these publications. |
| 546 | |aBilingual |
| 563 | |aSoftcover |
| 776 | 0#|tMonographie de recherche d'Industrie Canada |w(CaOODSP)9.501165 |
| 776 | 0#|tIndustry Canada research monograph |w(CaOODSP)9.504756 |
| 792 | |tMonographie de recherche d'Industrie Canada |efre|w(CaOODSP)9.509057 |